Statistiques concernant Culture Générale - Série 37

Cliquez ici pour prendre le quiz!

Statistiques générales

  • Ce quiz a été pris 1 310 fois
  • Le résultat moyen est 5 sur 10

Statistiques - réponses

QuestionRéponse% Correct
Dans quelle ville française de la Côte d'Azur se trouve l'Hôtel Negresco ?Nice
88%
Comment appelle-t-on le couteau à deux fentes conçu pour éplucher certains fruits ou légumesEconome
80%
Comment appelle-t-on un amateur de mots croisés ?Cruciverbiste
69%
Quel pays est devenu le 28ème pays membre de l'union Européenne le 1er juillet 2013 ?Croatie
63%
Quel est le nom actuel du Siam ?Thaïlande
53%
Quel nouveau nom a adopté le Pakistan oriental en 1971, après son indépendance ?Bangladesh
50%
À quel pays correspond l'ancienne Rhodésie du Sud ?Zimbabwe
42%
Quel diplomate et entrepreneur français est à l’origine de la création du canal de Suez ?Ferdinand de Lesseps
22%
Deuxième ville d'Ouzbékistan, c'est la plus ancienne cité-oasis de la route de la soie .Samarcande
14%
Comment appelle-t-on l'ustensile de forme conique garni de pointes pour égoutter les bouteilles après rinçage ?If
12%

Distribution des résultats

Percentile par nombre de réponses

% des personnes avec chaque résultat

Votre développement - résultats

Vous n’avez pas pris ce quiz